Biblioteca y Centro de Documentación

Aprender para el futuro (Registro nro. 2567)

Detalles MARC
000 -CABECERA
Longitud fija campo de control 01580nam a2200361 c 4500
001 - NÚMERO DE CONTROL
Número de control 2567
003 - IDENTIFICADOR DE NÚMERO DE CONTROL
Identificador del número de control ES-MaCES
005 - FECHA Y HORA DE LA ÚLTIMA TRANSACCIÓN
Fecha y hora de la última transacción 20141221121616.0
008 - CAMPO FIJO DE DESCRIPCIÓN FIJA--INFORMACIÓN GENERAL
Códigos de información de longitud fija   941209s1994 sp ||| | spa d
035 ## - NÚMERO DE CONTROL DEL SISTEMA
Número de control del sistema CES19980025872m
040 ## - FUENTE DE CATALOGACIÓN
Centro catalogador de origen ES-MaCES
Lengua de catalogación spa
Centro transcriptor ES-MaCES
111 2# - ENCABEZAMIENTO PRINCIPAL--NOMBRE DE REUNIÓN
Nombre de congreso o jurisdicción como elemento de entrada Semana monográfica
Número del congreso o número de parte o sección de la obra
Fecha del congreso 1994
Sede del congreso Madrid
9 (RLIN) 84
245 10 - MENCIÓN DE TÍTULO
Título Aprender para el futuro
Resto del título : aprendizaje y vida activa
Mención de responsabilidad, etc. Fundación Santillana, organizador
260 ## - PUBLICACIÓN, DISTRIBUCIÓN, ETC (PIE DE IMPRENTA)
Lugar de publicación, distribución, etc. [Madrid
Nombre del editor, distribuidor, etc. Fundación Santillana
Fecha de publicación, distribución, etc. 1994]
300 ## - DESCRIPCIÓN FÍSICA
Extensión 5 carpetas (15 unidades), 1 libro
Dimensiones 30 cm
500 ## - NOTA GENERAL
Nota general Tít. tomado de la cub.
500 ## - NOTA GENERAL
Nota general Ejemps. mecanografiados
505 1# - NOTA DE CONTENIDO FORMATEADA
Nota de contenido con formato Contiene: tema I. El futuro del trabajo -- tema II. Impacto de las nuevas tecnologías -- tema III. Desarrollo humano sostenible -- tema IV. Educación básica y vida activa -- tema V. Educación superior y vida activa -- Convenio de colaboración entre el Instituto Nacional de Empleo y la Fundación para la Formación Continua -- Documento básico "Aprender para el futuro : aprendizaje y vida activa"
541 ## - NOTA DE LA FUENTE INMEDIANTE DE ADQUISICIÓN
Forma de adquisición Gratuito
650 #4 - ASIENTO SECUNDARIO DE MATERIA--TÉRMINO DE MATERIA
Término de materia o nombre geográfico como elemento inicial mercado de trabajo
9 (RLIN) 28292
650 #4 - ASIENTO SECUNDARIO DE MATERIA--TÉRMINO DE MATERIA
Término de materia o nombre geográfico como elemento inicial fomento del empleo
9 (RLIN) 30270
650 #4 - ASIENTO SECUNDARIO DE MATERIA--TÉRMINO DE MATERIA
Término de materia o nombre geográfico como elemento inicial contratación
9 (RLIN) 28323
650 #4 - ASIENTO SECUNDARIO DE MATERIA--TÉRMINO DE MATERIA
Término de materia o nombre geográfico como elemento inicial relación formación empleo
9 (RLIN) 29976
650 #4 - ASIENTO SECUNDARIO DE MATERIA--TÉRMINO DE MATERIA
Término de materia o nombre geográfico como elemento inicial nuevas tecnologías
9 (RLIN) 30788
650 #4 - ASIENTO SECUNDARIO DE MATERIA--TÉRMINO DE MATERIA
Término de materia o nombre geográfico como elemento inicial cambio tecnológico
9 (RLIN) 28236
650 #4 - ASIENTO SECUNDARIO DE MATERIA--TÉRMINO DE MATERIA
Término de materia o nombre geográfico como elemento inicial enseñanza
9 (RLIN) 27390
650 #4 - ASIENTO SECUNDARIO DE MATERIA--TÉRMINO DE MATERIA
Término de materia o nombre geográfico como elemento inicial desarrollo sostenible
9 (RLIN) 30785
653 10 - TÉRMINO DE INDEXACIÓN--NO CONTROLADO
Término no controlado Educación
710 2# - ENCABEZAMIENTO SECUNDARIO--NOMBRE CORPORATIVO
Nombre de entidad o nombre de jurisdicción como elemento inicial Fundación Santillana
Término indicativo de función col.
9 (RLIN) 3905
902 ## - CES. TIPO DE DOCUMENTO
Tipodoc (006$c Sirtex) DOC Literatura gris
942 ## - ELEMENTOS KOHA
Fuente de clasificaión o esquema Clasificación propia del CES
Koha [por defecto] tipo de item Monografías
Parte de clasificación 4.0.
Existencias
Número de registro Signatura completa Número de copia Tipo de item de Koha
007511 DOC-4.0.-24 0006 Monografías
007512 DOC-4.0.-25 0007 Monografías
007497 DOC-4.0.-10 01.1 Monografías
007498 DOC-4.0.-11 01.2 Monografías
007499 DOC-4.0.-12 02.1 Monografías
007500 DOC-4.0.-13 02.2 Monografías
007501 DOC-4.0.-14 02.3 Monografías
007502 DOC-4.0.-15 02.4 Monografías
007503 DOC-4.0.-16 03.1 Monografías
007504 DOC-4.0.-17 03.2 Monografías
007505 DOC-4.0.-18 03.3 Monografías
007506 DOC-4.0.-19 03.4 Monografías
007507 DOC-4.0.-20 04.1 Monografías
007508 DOC-4.0.-21 04.2 Monografías
007509 DOC-4.0.-22 04.3 Monografías
007510 DOC-4.0.-23 05.1 Monografías
© CES, Consejo Económico y Social de España 2021